Tratados y convenciones interamericanos; (Record no. 51573)
[ view plain ]
| 000 -LEADER | |
|---|---|
| fixed length control field | 00879cam a22002651 4500 |
| 001 - CONTROL NUMBER | |
| control field | pa 65000130 |
| 003 - CONTROL NUMBER IDENTIFIER | |
| control field | DLC |
| 005 - DATE AND TIME OF LATEST TRANSACTION | |
| control field | 20260227111857.0 |
| 008 - FIXED-LENGTH DATA ELEMENTS--GENERAL INFORMATION | |
| fixed length control field | 960224s1964 dcu 000 0 spa |
| 010 ## - LIBRARY OF CONGRESS CONTROL NUMBER | |
| LC control number | pa 65000130 |
| 035 ## - SYSTEM CONTROL NUMBER | |
| System control number | (OCoLC)34261762 |
| 040 ## - CATALOGING SOURCE | |
| Original cataloging agency | DLC |
| Transcribing agency | OrPS |
| Modifying agency | OCoLC |
| -- | DLC |
| 042 ## - AUTHENTICATION CODE | |
| Authentication code | premarc |
| 043 ## - GEOGRAPHIC AREA CODE | |
| Geographic area code | n-us--- |
| -- | cl----- |
| 050 00 - LIBRARY OF CONGRESS CALL NUMBER | |
| Classification number | JX506 1957 |
| Item number | no. 9 |
| 245 10 - TITLE STATEMENT | |
| Title | Tratados y convenciones interamericanos; |
| Remainder of title | firmas, ratificaciones y depósitos con notas explicativas. |
| 250 ## - EDITION STATEMENT | |
| Edition statement | [Rev.] |
| 260 ## - PUBLICATION, DISTRIBUTION, ETC. | |
| Place of publication, distribution, etc. | Washington, |
| Name of publisher, distributor, etc. | Unión Panamericana, |
| Date of publication, distribution, etc. | 1964. |
| 300 ## - PHYSICAL DESCRIPTION | |
| Extent | xi, 150 p. |
| Dimensions | 28 cm. |
| 490 1# - SERIES STATEMENT | |
| Series statement | Serie sobre tratados, |
| Volume/sequential designation | no. 9 |
| 650 #0 - SUBJECT ADDED ENTRY--TOPICAL TERM | |
| Topical term or geographic name entry element | Pan-American treaties and conventions. |
| 651 #0 - SUBJECT ADDED ENTRY--GEOGRAPHIC NAME | |
| Geographic name | United States |
| General subdivision | Foreign relations |
| Geographic subdivision | Latin America. |
| 651 #0 - SUBJECT ADDED ENTRY--GEOGRAPHIC NAME | |
| Geographic name | Latin America |
| General subdivision | Politics and government. |
| 830 #0 - SERIES ADDED ENTRY--UNIFORM TITLE | |
| Uniform title | Serie sobre derecho y tratados, |
| Volume/sequential designation | no. 9. |
No items available.